00425 a2200121 4500001000900000005001700009008004100026245004400067100003200111700003100143773011200174999001700286ART_807420260410161831.0260409a 10aComo convertir a sus clientes en socios1 aCámara Ibañez, Dionisio1 aEizaguirre Zarza, Almudena0 tBoletín de estudios económicosgNuevas tendecnias en marketing - Año 55, Nº 171 (dic. 2000)wREV5142 c23254d23254